00455nam a2200181Ia 4500003000400000005001700004008004100021020001300062040000700075041000800082082001600090100003500106245004200141260004800183300001600231365000800247650001800255OSt20230427140739.0210423s1981 xx 000 0 und d a52123283 cAL aeng a582.13 HICM aHICKEY (Michael);KING (Clive). aHundred families of flowering plants. aCambridgebCambridge University Pressc1981 axix,567bPB cINR aSpermatophyta